[Event "OPEN A"]
[Site "?"]
[Date "2008.08.28"]
[Round "7.10"]
[White "Soural, J."]
[Black "Vavrinec, T."]
[Result "1/2-1/2"]
[WhiteElo "2285"]
[BlackElo "2051"]
[PlyCount "114"]
[EventDate "2008.08.23"]
[SourceDate "2008.08.28"]

1. e4 e6 2. d4 d5 3. Nc3 Bb4 4. e5 c5 5. a3 cxd4 6. axb4 dxc3 7. Qg4 Kf8 8. Nf3
Qc7 9. h4 Nd7 10. Qd4 cxb2 11. Bxb2 Ne7 12. h5 Nf5 13. Qd2 Nb6 14. g4 Nh6 15.
Bd4 Bd7 16. Bc5+ Kg8 17. Bd3 Nc4 18. Qg5 a6 19. Be7 Qc8 20. Rg1 Qe8 21. Bxc4
dxc4 22. Bf6 Qf8 23. Nd4 Qxb4+ 24. Kf1 Qf8 25. Nf5 exf5 26. gxf5 Nxf5 27. Bxg7
Qxg7 28. Qd2 Qxg1+ 29. Kxg1 Be6 30. h6 Rc8 31. Kh2 c3 32. Rg1+ Kf8 33. Qg5 Ke8
34. Rd1 b5 35. Qf4 Rg8 36. Rg1 Rxg1 37. Kxg1 Rc4 38. Qg5 Kd7 39. Qg2 Rc6 40.
Qe4 Nxh6 41. Qd4+ Kc8 42. Qa7 Nf5 43. Qa8+ Kd7 44. Qb7+ Rc7 45. Qxa6 Bc4 46.
Qa3 Be2 47. f4 Bg4 48. Qf8 Kc6 49. Qa8+ Kc5 50. Qa5 Rb7 51. Qxc3+ Kb6 52. Qc8
h5 53. c4 bxc4 54. Qxc4 Rc7 55. Qb4+ Kc6 56. Qc4+ Kb6 57. Qb4+ Kc6 1/2-1/2

[Event "Open A"]
[Site "?"]
[Date "2008.08.28"]
[Round "7.12"]
[White "Dvorak, M."]
[Black "Fojtu, P."]
[Result "1/2-1/2"]
[WhiteElo "2001"]
[BlackElo "2176"]
[PlyCount "51"]
[EventDate "2008.08.22"]
[SourceDate "2008.08.28"]

1. e4 c5 2. Nf3 d6 3. d4 cxd4 4. Nxd4 Nf6 5. Nc3 e6 6. Be3 a6 7. Be2 Be7 8. O-O
O-O 9. a4 Nc6 10. Kh1 Qc7 11. Nb3 b6 12. f4 Bb7 13. Bf3 Nb4 14. Qe2 d5 15. e5
Nd7 16. Nd4 Nc5 17. Qf2 Rfe8 18. g4 Rac8 19. Qg3 Nd7 20. Rae1 Bc5 21. Re2 Nc6
22. Rd2 Na5 23. Rdd1 Nc4 24. Bc1 Nb8 25. Nce2 Nd7 26. Qg2 1/2-1/2

[Event "OPEN A"]
[Site "?"]
[Date "????.??.??"]
[Round "7.14"]
[White "Postupa, P."]
[Black "Moravec, Vit"]
[Result "1-0"]
[WhiteElo "2139"]
[BlackElo "1966"]
[PlyCount "65"]
[EventDate "2008.08.22"]
[SourceDate "2008.08.28"]

1. e4 c5 2. Nf3 d6 3. d4 cxd4 4. Nxd4 Nf6 5. Nc3 g6 6. Be2 Bg7 7. O-O O-O 8.
Be3 Nc6 9. Kh1 d5 10. exd5 Nxd5 11. Nxd5 Qxd5 12. Bf3 Qd7 13. Nxc6 bxc6 14. c3
Qc7 15. Qa4 Bb7 16. Rad1 Rfd8 17. Bc5 e5 18. Qa3 Re8 19. Rfe1 f5 20. Qb3+ Kh8
21. Bd6 Qc8 22. Qf7 e4 23. Be2 Ba6 24. Bc5 Bd3 25. h3 Rb8 26. Bxd3 Rb7 27. Qc4
exd3 28. Qxd3 Rxb2 29. Bd4 Rb7 30. Bxg7+ Rxg7 31. Qd6 Qd7 32. Rxe8+ Qxe8 33.
Qf6 1-0

[Event "Open A"]
[Site "?"]
[Date "2008.08.28"]
[Round "7.15"]
[White "Prochazka, P."]
[Black "Skala, J."]
[Result "1/2-1/2"]
[WhiteElo "1994"]
[BlackElo "2084"]
[PlyCount "58"]
[EventDate "2008.08.22"]
[SourceDate "2008.08.28"]

1. e4 e5 2. Nf3 Nc6 3. d4 exd4 4. c3 d5 5. exd5 Qxd5 6. cxd4 Bg4 7. Be2 Bb4+ 8.
Nc3 Bxf3 9. Bxf3 Qc4 10. Bxc6+ Qxc6 11. Qe2+ Ne7 12. O-O O-O-O 13. Qg4+ f5 14.
Qf4 Qf6 15. d5 Bxc3 16. bxc3 Nxd5 17. Qf3 g5 18. Bd2 g4 19. Qg3 h5 20. c4 h4
21. Qb3 Nb6 22. Bc3 Qc6 23. Bxh8 Rxh8 24. Qc3 Rg8 25. Qe5 h3 26. Qxf5+ Kb8 27.
f3 hxg2 28. Rf2 gxf3 29. Qxf3 Qxc4 1/2-1/2

[Event "OPEN A"]
[Site "?"]
[Date "2008.08.28"]
[Round "7.16"]
[White "Skacel, J."]
[Black "Petrun, M."]
[Result "1/2-1/2"]
[WhiteElo "2062"]
[BlackElo "1923"]
[PlyCount "49"]
[EventDate "2008.08.23"]
[SourceDate "2008.08.28"]

1. d4 Nf6 2. c4 c5 3. dxc5 e6 4. Nf3 Bxc5 5. Nc3 Nc6 6. e3 O-O 7. a3 d5 8. b4
Bb6 9. c5 Bc7 10. Bb2 Re8 11. Be2 e5 12. O-O e4 13. Nd4 Nxd4 14. Qxd4 b6 15.
Nb5 Be5 16. Qxe5 Rxe5 17. Bxe5 bxc5 18. bxc5 Ne8 19. Nd4 f6 20. Bg3 Nc7 21.
Rfc1 Ne6 22. Nb5 f5 23. Be5 Qg5 24. g3 Qe7 25. Bd6 1/2-1/2

[Event "Open A"]
[Site "?"]
[Date "2008.??.??"]
[Round "7.17"]
[White "Sokol, R."]
[Black "Voracek, Z."]
[Result "1-0"]
[WhiteElo "1979"]
[BlackElo "2059"]
[PlyCount "76"]
[EventDate "2008.??.??"]

1. e4 Nf6 2. e5 Nd5 3. d4 d6 4. Nf3 Bg4 5. Be2 e6 6. O-O Be7 7. c4 Nb6 8. exd6
cxd6 9. Nc3 O-O 10. b3 Nc6 11. Bb2 d5 12. c5 Nc8 13. Rc1 Bf6 14. Ne5 Bxe2 15.
Nxe2 N8e7 16. f4 g6 17. g4 Bg7 18. Ng3 Qc7 19. Qe2 Rad8 20. Bc3 Rfe8 21. b4 f6
22. Nxc6 Nxc6 23. b5 Nb8 24. Qd2 Qd7 25. a4 e5 26. f5 Qf7 27. a5 a6 28. bxa6
Nxa6 29. Rb1 Rd7 30. Rb6 g5 31. c6 Rd6 32. Rxb7 Re7 33. Bb4 Nxb4 34. Qxb4 Bf8
35. Rxe7 Bxe7 36. Rc1 Qe8 37. Qb7 Bd8 38. c7 Qa4 1-0

[Event "OPEN A"]
[Site "?"]
[Date "2008.08.28"]
[Round "7.18"]
[White "Koper, S."]
[Black "Kozak, M."]
[Result "0-1"]
[WhiteElo "2007"]
[BlackElo "2209"]
[PlyCount "50"]
[EventDate "2008.08.23"]
[SourceDate "2008.08.28"]

1. d4 Nf6 2. c4 e6 3. Nf3 Bb4+ 4. Bd2 a5 5. e3 Bxd2+ 6. Nbxd2 d6 7. Bd3 O-O 8.
Qc2 Qe7 9. Rc1 Nbd7 10. Ng5 h6 11. h4 e5 12. Bf5 exd4 13. Bxd7 Bxd7 14. f3
Qxe3+ 15. Kf1 d3 16. Qc3 Qe2+ 17. Kg1 hxg5 18. hxg5 Qe3+ 19. Kf1 Qxg5 20. Qxd3
Bf5 21. Qd4 Rfe8 22. Kf2 Bh7 23. c5 Qe5 24. Qxe5 dxe5 25. c6 b6 0-1

[Event "OPEN A"]
[Site "?"]
[Date "????.??.??"]
[Round "7.20"]
[White "Hadzata, D."]
[Black "Matejovsky, O."]
[Result "0-1"]
[WhiteElo "2099"]
[BlackElo "2014"]
[PlyCount "70"]
[EventDate "2008.08.22"]
[SourceDate "2008.08.28"]

1. Nf3 d5 2. g3 Nf6 3. Bg2 Bf5 4. O-O e6 5. d3 Be7 6. Nbd2 O-O 7. Qe1 c5 8. e4
Bg6 9. Qe2 Nc6 10. Re1 Rc8 11. c3 Qc7 12. e5 Nd7 13. h3 b5 14. Nf1 c4 15. d4 b4
16. Bg5 bxc3 17. bxc3 Ba3 18. Nh4 Bd3 19. Qg4 Kh8 20. f4 Bb2 21. Rac1 Qa5 22.
f5 Bxc3 23. f6 gxf6 24. exf6 Bxd4+ 25. Kh1 Nxf6 26. Qf4 Ne4 27. Rxe4 Bxe4 28.
Bxe4 dxe4 29. Bf6+ Bxf6 30. Qxf6+ Kg8 31. Ne3 Qe5 32. Qh6 Qg7 33. Qh5 f5 34. g4
f4 35. Nxc4 Ne5 0-1

[Event "Open A"]
[Site "?"]
[Date "2008.08.28"]
[Round "7.21"]
[White "Pavlicek, P."]
[Black "Cervenka"]
[Result "1-0"]
[WhiteElo "2086"]
[BlackElo "1985"]
[Annotator "Øeøábek,Jaroslav"]
[PlyCount "48"]
[EventDate "2008.08.22"]
[SourceDate "2008.08.28"]

1. c4 f5 2. Nf3 Nf6 3. d4 e6 4. g3 Be7 5. Bg2 O-O 6. O-O d6 7. Nc3 c6 8. Re1
Ne4 9. Qb3 Bf6 10. Be3 Nxc3 11. bxc3 Na6 12. Rad1 g5 13. Bc1 g4 14. Nd2 e5 15.
Bb2 Qe7 16. e4 f4 17. c5+ Be6 18. cxd6 Qf7 19. d5 cxd5 20. exd5 Bd7 21. Ne4 Bd8
22. c4 fxg3 23. Qxg3 Rc8 24. Qxe5 Qf5 $4 $18 1-0

[Event "Open A"]
[Site "?"]
[Date "2008.08.28"]
[Round "7.22"]
[White "Framberk, J."]
[Black "Lacha, J."]
[Result "1-0"]
[WhiteElo "2054"]
[BlackElo "1979"]
[PlyCount "70"]
[EventDate "2008.08.22"]
[SourceDate "2008.08.28"]

1. e4 d5 2. exd5 Qxd5 3. Nc3 Qd6 4. d4 Nf6 5. Nf3 a6 6. g3 Bg4 7. Bg2 Nc6 8.
Bf4 Qe6+ 9. Ne2 Bxf3 10. Bxf3 O-O-O 11. O-O Qd7 12. c3 e6 13. b4 Bd6 14. a4
Bxf4 15. Nxf4 Ne7 16. Qb3 Ned5 17. Nd3 h5 18. Nc5 Qd6 19. c4 h4 20. cxd5 hxg3
21. fxg3 exd5 22. Qe3 Ne4 23. Nxe4 dxe4 24. Qxe4 Qxd4+ 25. Qxd4 Rxd4 26. b5 Rd2
27. Bg2 f6 28. bxa6 bxa6 29. Rfd1 Rhd8 30. Bf3 R8d4 31. Rxd2 Rxd2 32. Rd1 Rxd1+
33. Bxd1 Kd7 34. Kf2 Kd6 35. Ke3 Kc5 1-0

[Event "OPEN A"]
[Site "?"]
[Date "2008.08.28"]
[Round "7.23"]
[White "Musil, V."]
[Black "Havrlik, P."]
[Result "1-0"]
[WhiteElo "2039"]
[BlackElo "1968"]
[Annotator "Voracek,Zdenek"]
[PlyCount "89"]
[EventDate "2008.08.23"]
[SourceDate "2008.08.28"]

1. e4 Nc6 2. Nc3 Nf6 3. g3 d5 4. Bg2 d4 5. Nce2 e5 6. d3 Bd6 7. Nf3 Bg4 8. Nh4
Bb4+ 9. Bd2 Bxd2+ 10. Qxd2 g6 11. a3 h6 12. h3 Be6 13. O-O g5 14. Nf5 Bxf5 15.
exf5 Qd6 16. Nc1 O-O-O 17. Nb3 Nd5 18. Na5 Nxa5 19. Qxa5 Qb6 20. Qxb6 Nxb6 21.
Bf3 f6 22. Bh5 Rh7 23. Rac1 Nd5 24. Rfd1 Kb8 25. c4 dxc3 26. bxc3 Rhd7 27. Bf3
Rd6 28. c4 Ne7 29. Be4 Ra6 30. Rb1 Nc6 31. Rb3 Na5 32. Rb4 Nc6 33. Rb5 Rb6 34.
a4 a6 35. Rbb1 Na5 36. Rxb6 cxb6 37. Kg2 Kc7 38. h4 Nb3 39. hxg5 hxg5 40. Rh1
Rd6 41. Kf3 Nc5 42. Ra1 a5 43. Ra3 Kd8 44. g4 Ke7 45. Bd5 {dale necitelne} 1-0

[Event "Open A"]
[Site "?"]
[Date "2008.08.28"]
[Round "7.24"]
[White "Boucek, V."]
[Black "Hronik, P."]
[Result "0-1"]
[WhiteElo "2017"]
[BlackElo "1954"]
[PlyCount "130"]
[EventDate "2008.08.22"]
[SourceDate "2008.08.28"]

1. e4 d5 2. exd5 Nf6 3. Bb5+ Bd7 4. Bc4 b5 5. Bb3 a5 6. a3 Bc8 7. Nc3 Ba6 8.
Qf3 Nbd7 9. Nge2 b4 10. Ne4 Nb6 11. Nxf6+ exf6 12. axb4 axb4 13. d3 Bd6 14. O-O
O-O 15. c4 bxc3 16. bxc3 Nd7 17. Bf4 Nc5 18. Bc2 Re8 19. Bxd6 Qxd6 20. Ng3 Nd7
21. Nf5 Qe5 22. Ne3 Qxc3 23. Rac1 Ne5 24. Qg3 Qd4 25. Qxg7+ Kxg7 26. Nf5+ Kg6
27. Nxd4 Bxd3 28. Bxd3+ Nxd3 29. Rc3 Nf4 30. Rxc7 Nxd5 31. Rc5 Nf4 32. Nf3 Kg7
33. g3 Ng6 34. h4 Ne5 35. Nd4 Rac8 36. Nf5+ Kf8 37. Rfc1 Rxc5 38. Rxc5 Ng6 39.
f4 Ne7 40. Nh6 Kg7 41. Ng4 Rd8 42. Kg2 Rd3 43. h5 Rd4 44. h6+ Kg6 45. Rc7 Nf5
46. Kf3 Rd3+ 47. Kf2 Rxg3 48. Nh2 Rb3 49. Ng4 Nxh6 50. Ne3 Nf5 51. Nd5 Rd3 52.
Rd7 Rg3 53. Rd8 Kg7 54. Nc7 h5 55. Ne8+ Kg6 56. Nc7 Nh6 57. Nd5 Ng4+ 58. Ke2
Kf5 59. Rh8 Rh3 60. Rh7 Ke4 61. Ne7 Rh2+ 62. Ke1 Kd3 63. Kf1 Ke3 64. f5 Kf3 65.
Ke1 Ne3 0-1

[Event "OPEN A"]
[Site "?"]
[Date "2008.08.28"]
[Round "7.25"]
[White "Bernath, S."]
[Black "Tejkal, J."]
[Result "1/2-1/2"]
[WhiteElo "1952"]
[BlackElo "2015"]
[PlyCount "68"]
[EventDate "2008.08.23"]
[SourceDate "2008.08.28"]

1. e4 c5 2. Nf3 Nc6 3. d4 cxd4 4. Nxd4 Nf6 5. Nc3 d6 6. Bc4 e6 7. Be3 Be7 8.
Qe2 O-O 9. O-O-O a6 10. f3 Qc7 11. Bb3 Nxd4 12. Bxd4 b5 13. g4 Nd7 14. h4 Nc5
15. Rdg1 Bd7 16. g5 Nxb3+ 17. axb3 b4 18. Nb1 e5 19. Be3 Rac8 20. Rh2 Bb5 21.
Qg2 a5 22. h5 Bd3 23. g6 fxg6 24. hxg6 hxg6 25. Qxg6 Bf6 26. Rgh1 Bh4 27. Qe6+
Qf7 28. Qxf7+ Rxf7 29. Rxh4 Rxc2+ 30. Kd1 Rxf3 31. R4h3 Rxh3 32. Rxh3 Bxe4 33.
Bg5 d5 34. Rg3 Bg6 1/2-1/2

[Event "Open A"]
[Site "?"]
[Date "2008.08.28"]
[Round "7.7"]
[White "Muzikár, M."]
[Black "Krasnay, P."]
[Result "0-1"]
[WhiteElo "1837"]
[BlackElo "2117"]
[PlyCount "144"]
[EventDate "2008.08.22"]
[SourceDate "2008.08.28"]

1. e4 c5 2. Nf3 Nc6 3. d4 cxd4 4. Nxd4 Nf6 5. Nc3 e5 6. Ndb5 d6 7. Nd5 Nxd5 8.
exd5 Ne7 9. c4 Ng6 10. Bd3 Be7 11. O-O O-O 12. Qc2 a6 13. Nc3 f5 14. f3 Bg5 15.
a3 Bd7 16. b4 Bxc1 17. Raxc1 Qg5 18. Ne2 e4 19. fxe4 Ne5 20. Kh1 f4 21. Nd4 Ng4
22. Qd2 Ne3 23. Rg1 Rf6 24. g3 Bg4 25. gxf4 Qxf4 26. Rg3 Nxd5 27. Qxf4 Nxf4 28.
Bc2 h5 29. Bd1 Nh3 30. Bxg4 Nf2+ 31. Kg1 Nxg4 32. h3 Ne5 33. Nf5 g6 34. Ne3 Rc8
35. Nd5 Rf7 36. c5 Kg7 37. Kg2 dxc5 38. Rxc5 Rxc5 39. bxc5 Nc6 40. Re3 g5 41.
e5 Rf5 42. Nf6 Rxe5 43. Nxh5+ Kg6 44. Rxe5 Nxe5 45. Ng3 Nc4 46. Ne4 Nxa3 47.
Nd6 a5 48. Nxb7 a4 49. Na5 Kf5 50. Kg3 Nb5 51. Kf3 a3 52. Nb3 a2 53. Ke3 Ke5
54. Kd3 Kd5 55. Kd2 Nd4 56. Na1 Kxc5 57. Kc3 Ne2+ 58. Kb2 Nf4 59. Nc2 Nxh3 60.
Ne3 Kd4 61. Ng4 Ke4 62. Kxa2 Kf4 63. Nh6 Nf2 64. Kb2 Ne4 65. Kc2 Nd6 66. Kd2
Nf5 67. Ng8 Ke5 68. Ke2 g4 69. Kd3 g3 70. Ke2 Kf4 71. Nf6 Nd4+ 72. Kf1 Kf3 0-1

[Event "Open A"]
[Site "?"]
[Date "2008.??.??"]
[Round "7.28"]
[White "Chromovsky, H."]
[Black "Fikr, T."]
[Result "0-1"]
[WhiteElo "2037"]
[BlackElo "1804"]
[PlyCount "84"]
[EventDate "2008.??.??"]

1. c4 Nf6 2. Nc3 c5 3. g3 b6 4. Bg2 Nc6 5. Nf3 Bb7 6. d4 cxd4 7. Nxd4 e6 8. O-O
Be7 9. Ndb5 d6 10. Bf4 e5 11. Bg5 a6 12. Bxf6 gxf6 13. Na3 f5 14. Nd5 Nd4 15.
Nf6+ Bxf6 16. Bxb7 Ra7 17. Bd5 h5 18. e3 Ne6 19. Qa4+ Ke7 20. Nb5 Qd7 21. Nc3
Qxa4 22. Nxa4 b5 23. cxb5 axb5 24. Nc3 b4 25. Ne2 e4 26. Rfb1 Ra5 27. Bxe6 fxe6
28. h4 Be5 29. a3 Rha8 30. Nd4 Bxd4 31. exd4 bxa3 32. bxa3 Rxa3 33. Rb7+ Kf6
34. Rxa3 Rxa3 35. Rd7 d5 36. Rh7 Rd3 37. Rxh5 Rxd4 38. Kf1 Rd2 39. Rh7 d4 40.
Rd7 d3 41. Rd8 Rd1+ 42. Kg2 Re1 {dale necitelne} 0-1

[Event "OPEN A"]
[Site "?"]
[Date "2008.08.28"]
[Round "7.29"]
[White "Vitous, M."]
[Black "Hadrava, J."]
[Result "1-0"]
[WhiteElo "1910"]
[BlackElo "2011"]
[PlyCount "57"]
[EventDate "2008.08.23"]
[SourceDate "2008.08.28"]

1. Nf3 Nf6 2. d4 d5 3. c4 c6 4. Nc3 dxc4 5. a4 Bf5 6. e3 e6 7. Bxc4 Bd6 8. Bd3
Bxd3 9. Qxd3 O-O 10. e4 Be7 11. O-O Re8 12. Rd1 Qa5 13. Bf4 Na6 14. Qe2 Rad8
15. h3 Qh5 16. Rd2 h6 17. Rad1 g5 18. Bg3 Bb4 19. Be5 Qg6 20. Bxf6 Qxf6 21. Rd3
Ba5 22. Ne5 Qg7 23. Qh5 f6 24. Ng4 Kh7 25. e5 fxe5 26. dxe5 Rxd3 27. Rxd3 Rd8
28. Nf6+ Kh8 29. Rxd8+ 1-0

[Event "OPEN A"]
[Site "?"]
[Date "2008.08.28"]
[Round "7.30"]
[White "Pataridis, J."]
[Black "Halla, J."]
[Result "1-0"]
[WhiteElo "2000"]
[BlackElo "1834"]
[PlyCount "95"]
[EventDate "2008.08.23"]
[SourceDate "2008.08.28"]

1. e4 e6 2. d4 d5 3. Nc3 Bb4 4. e5 c5 5. a3 Bxc3+ 6. bxc3 Qc7 7. Nf3 Bd7 8. Bd3
c4 9. Be2 Ba4 10. Bd2 Nc6 11. Qc1 h6 12. O-O Nge7 13. Rb1 O-O-O 14. Qb2 Rdg8
15. Ne1 b5 16. g3 Rh7 17. Bg4 g6 18. Bh3 Qd8 19. Qc1 a6 20. Qd1 Qf8 21. Ng2 Qg7
22. Nf4 Kd7 23. Rb2 Rgh8 24. Qf3 Ke8 25. Kh1 h5 26. Nxe6 fxe6 27. Bxe6 Nd8 28.
Bxd5 Nxd5 29. Qxd5 Qb7 30. Qg2 Qxg2+ 31. Kxg2 Rf7 32. Bg5 Ne6 33. Be3 Nc7 34.
h4 Nd5 35. Bd2 Kd7 36. f4 Ke6 37. Rh1 g5 38. Kf3 Rb8 39. Rhb1 Rfb7 40. Rf1 Rf7
41. Rg1 Rbb7 42. Ra2 Rg7 43. g4 Nb6 44. f5+ Kf7 45. e6+ Kg8 46. Bxg5 Nc8 47.
Ke4 Nb6 48. f6 1-0

[Event "Open A"]
[Site "?"]
[Date "2008.08.28"]
[Round "7.31"]
[White "Urban, M."]
[Black "Schmalz, M."]
[Result "1-0"]
[WhiteElo "1876"]
[BlackElo "1993"]
[PlyCount "74"]
[EventDate "2008.08.22"]
[SourceDate "2008.08.28"]

1. e4 e5 2. Nf3 Nc6 3. Bb5 a6 4. Ba4 Nf6 5. O-O Be7 6. Re1 b5 7. Bb3 O-O 8. c3
d5 9. exd5 Nxd5 10. Nxe5 Nxe5 11. Rxe5 c6 12. d4 Bd6 13. Re1 Qh4 14. g3 Qh3 15.
Be3 Bg4 16. Qd3 Rae8 17. Nd2 f5 18. Qf1 Qh5 19. f4 Kh8 20. Bxd5 cxd5 21. a4 Re6
22. axb5 axb5 23. Qf2 g5 24. fxg5 f4 25. Bxf4 Bxf4 26. gxf4 Be2 27. Qg3 h6 28.
h4 Rfe8 29. Kf2 Kg8 30. Rh1 Bc4 31. Nxc4 bxc4 32. f5 Qe2+ 33. Kg1 Re3 34. Qf2
Qg4+ 35. Qg2 Re1+ 36. Rxe1 Rxe1+ 37. Kf2 Re2+ 1-0

[Event "Open A"]
[Site "?"]
[Date "2008.??.??"]
[Round "7.32"]
[White "Macek, K."]
[Black "Vorackova, J."]
[Result "1/2-1/2"]
[WhiteElo "1959"]
[BlackElo "1905"]
[PlyCount "107"]
[EventDate "2008.??.??"]

1. e4 c6 2. d4 d5 3. exd5 cxd5 4. c4 Nf6 5. Nc3 Nc6 6. Nf3 Bg4 7. cxd5 Nxd5 8.
Qb3 Bxf3 9. gxf3 e6 10. Qxb7 Nxd4 11. Bb5+ Nxb5 12. Qxb5+ Qd7 13. Nxd5 exd5 14.
Qxd7+ Kxd7 15. Be3 Bb4+ 16. Ke2 Rhc8 17. Rac1 a5 18. Kd3 Bd6 19. b3 Ba3 20.
Rxc8 Rxc8 21. Rg1 g6 22. Rg4 Bb4 23. Bd2 Bxd2 24. Kxd2 Ke6 25. Ra4 Rc5 26. Kd3
Rb5 27. Kc3 g5 28. b4 axb4+ 29. Rxb4 Ra5 30. a4 Ke5 31. h4 f6 32. h5 h6 33. Kb3
Ra6 34. Rb7 Kf4 35. Rh7 f5 36. Rg7 Rb6+ 37. Kc3 Rb1 38. Rg6 Ra1 39. Rxh6 Rxa4
40. Rf6 Ra3+ 41. Kd4 Rxf3 42. h6 Rxf2 43. Kxd5 g4 44. h7 Rh2 45. Rf7 Kg5 46.
Ke5 Kg6 47. Rxf5 Rxh7 48. Kf4 Rh5 49. Rxh5 Kxh5 50. Kg3 Kg5 51. Kg2 Kf4 52. Kf2
g3+ 53. Kg2 Kg4 54. Kg1 1/2-1/2

[Event "Open A"]
[Site "?"]
[Date "2008.08.28"]
[Round "7.33"]
[White "Vesecky, M."]
[Black "Hajek, J."]
[Result "1-0"]
[WhiteElo "1957"]
[BlackElo "1713"]
[PlyCount "61"]
[EventDate "2008.08.22"]
[SourceDate "2008.08.28"]

1. e4 g6 2. d4 Bg7 3. c4 d6 4. Nc3 Nf6 5. Nf3 O-O 6. Be2 Bg4 7. O-O Bxf3 8.
Bxf3 e5 9. d5 a5 10. Be3 Nbd7 11. a3 b6 12. b4 Ne8 13. Be2 f5 14. f3 f4 15. Bf2
Qg5 16. Qb3 Nef6 17. Nb5 Rfc8 18. c5 bxc5 19. bxc5 Bf8 20. cxd6 cxd6 21. Rfc1
Nh5 22. Rc6 Ng3 23. Bf1 a4 24. Qc4 Rcb8 25. Nc7 Rb2 26. Nxa8 Nf6 27. Rc8 Ngxe4
28. fxe4 f3 29. Qc1 Rd2 30. Nc7 fxg2 31. Rxf8+ 1-0

[Event "Open A"]
[Site "?"]
[Date "2008.??.??"]
[Round "7.34"]
[White "Berg, A."]
[Black "Havelka, P."]
[Result "0-1"]
[WhiteElo "1914"]
[BlackElo "1957"]
[PlyCount "50"]
[EventDate "2008.??.??"]

1. e4 d5 2. exd5 Qxd5 3. Nc3 Qa5 4. d4 Nf6 5. Nf3 Bg4 6. h3 Bxf3 7. Qxf3 c6 8.
Bd3 e6 9. O-O Nbd7 10. a3 Be7 11. Rb1 O-O 12. Bd2 Qd8 13. b4 Nb6 14. Ne2 Qd5
15. Qe3 Nc4 16. Bxc4 Qxc4 17. c3 Nd5 18. Qe4 Qa2 19. Qd3 Nb6 20. Ra1 Qd5 21.
Nf4 Qd8 22. Nh5 Bg5 23. Qg3 f6 24. h4 Qe8 25. Nxf6+ Bxf6 0-1

[Event "OPEN A"]
[Site "?"]
[Date "2008.08.28"]
[Round "7.35"]
[White "Horyna, J."]
[Black "Hlina, M."]
[Result "1/2-1/2"]
[WhiteElo "1941"]
[BlackElo "1783"]
[PlyCount "72"]
[EventDate "2008.08.22"]
[SourceDate "2008.08.28"]

1. e4 e6 2. d4 d5 3. Nc3 dxe4 4. Nxe4 Be7 5. Nf3 Nf6 6. Nxf6+ Bxf6 7. Be3 Nd7
8. Qd2 b6 9. O-O-O Bb7 10. h4 Qe7 11. Be2 O-O-O 12. h5 h6 13. Rhe1 Rhe8 14. Qc3
Qd6 15. g3 Qc6 16. Qxc6 Bxc6 17. c4 Bb7 18. Bf4 c6 19. Ne5 Nxe5 20. dxe5 Be7
21. Rxd8+ Rxd8 22. Rd1 Rxd1+ 23. Kxd1 Bc5 24. f3 Bd4 25. Kc2 c5 26. g4 Kd7 27.
Bg3 f6 28. exf6 Bxf6 29. a4 a5 30. b3 Bc6 31. Kd3 e5 32. Bd1 Ke6 33. Ke2 Bg5
34. Bc2 Kf6 35. Be4 Bxe4 36. fxe4 Ke6 1/2-1/2

[Event "OPEN A"]
[Site "?"]
[Date "2008.08.28"]
[Round "7.36"]
[White "Zvara, D."]
[Black "Skokan, F."]
[Result "1/2-1/2"]
[WhiteElo "1802"]
[BlackElo "1747"]
[PlyCount "96"]
[EventDate "2008.08.23"]
[SourceDate "2008.08.28"]

1. d4 Nf6 2. Nf3 b6 3. c4 d5 4. e3 Bb7 5. Nc3 e6 6. Bd3 Be7 7. O-O O-O 8. b3 c5
9. Bb2 Nc6 10. dxc5 bxc5 11. Re1 a6 12. Rc1 Rc8 13. cxd5 exd5 14. Na4 Nd7 15.
Bf5 Ncb8 16. Re2 g6 17. Bd3 Nc6 18. Bb1 Qc7 19. Ba3 Nce5 20. Rec2 Nxf3+ 21.
Qxf3 d4 22. Qe2 Be4 23. Rd2 Bxb1 24. Rxb1 dxe3 25. Qxe3 Bd6 26. h3 Bf4 27. Rxd7
Bxe3 28. Rxc7 Bxf2+ 29. Kxf2 Rxc7 30. Nxc5 Rd8 31. Rb2 a5 32. b4 axb4 33. Bxb4
Rd5 34. Ne4 Rc6 35. Bc3 Rd8 36. Nf6+ Kg7 37. Ne4+ Kg8 38. a4 f5 39. Nf6+ Kf7
40. Rb7+ Ke6 41. Bb2 Rd2+ 42. Kf3 Rxb2 43. Rxb2 Kxf6 44. a5 Rc3+ 45. Kf2 h5 46.
Ra2 g5 47. a6 Rc8 48. a7 Ra8 1/2-1/2

[Event "Open A"]
[Site "?"]
[Date "2008.??.??"]
[Round "7.37"]
[White "Stepanek, S."]
[Black "Zima, T."]
[Result "1-0"]
[WhiteElo "2044"]
[BlackElo "1822"]
[PlyCount "50"]
[EventDate "2008.??.??"]

1. d4 c5 2. dxc5 e6 3. e4 Bxc5 4. Nc3 Nc6 5. Nf3 a6 6. a3 Nge7 7. Bc4 O-O 8.
O-O b5 9. Bb3 Qc7 10. Bg5 Ng6 11. h4 Nce5 12. h5 Nxf3+ 13. Qxf3 Ne5 14. Qg3 f6
15. Bh6 Rf7 16. Be3 Bd6 17. Qh3 Bb7 18. Rad1 Raf8 19. Rd2 Nc4 20. Bxc4 bxc4 21.
Rfd1 Be5 22. Qg4 Bc6 23. Bd4 Bf4 24. Re2 f5 25. exf5 Rxf5 1-0

[Event "OPEN A"]
[Site "?"]
[Date "2008.08.28"]
[Round "7.38"]
[White "Hampel, R."]
[Black "Hlavnicka, J."]
[Result "0-1"]
[WhiteElo "1826"]
[BlackElo "1954"]
[PlyCount "56"]
[EventDate "2008.08.23"]
[SourceDate "2008.08.28"]

1. e4 c5 2. Nc3 Nc6 3. f4 g6 4. Nf3 Bg7 5. Bc4 a6 6. a4 e6 7. O-O Qc7 8. d3
Nge7 9. Qe1 b6 10. Qh4 Bb7 11. Bd2 O-O-O 12. Rab1 d5 13. Ba2 Nb4 14. Bb3 Nec6
15. Rfc1 Na5 16. exd5 Nxb3 17. cxb3 Nxd3 18. Rc2 exd5 19. Ne2 Kb8 20. b4 c4 21.
b3 Rhe8 22. Ned4 Re4 23. Bc3 Rxf4 24. Qxh7 cxb3 25. Rxb3 Bxd4+ 26. Nxd4 Rxd4
27. Rd2 Qc4 28. Bxd4 Qxb3 0-1

[Event "Open A"]
[Site "?"]
[Date "2008.??.??"]
[Round "7.39"]
[White "Zdenek, P."]
[Black "Lexa, V."]
[Result "1-0"]
[WhiteElo "1775"]
[BlackElo "1937"]
[PlyCount "43"]
[EventDate "2008.??.??"]

1. d4 Nf6 2. c4 g6 3. Nc3 d5 4. cxd5 Nxd5 5. e4 Nxc3 6. bxc3 Bg7 7. Be3 c5 8.
Qd2 cxd4 9. cxd4 Nc6 10. Bb5 Bd7 11. Nf3 O-O 12. Rb1 b6 13. O-O Rc8 14. Ba6 Ra8
15. Rbc1 e6 16. Bb7 Na5 17. Bxa8 Qxa8 18. Ne5 Bb5 19. Rfd1 Qxe4 20. Qb4 Ba6 21.
Nd7 Bb7 22. Qxf8+ 1-0

[Event "OPEN A"]
[Site "?"]
[Date "2008.08.28"]
[Round "7.40"]
[White "Rmoutil, M."]
[Black "Adamik, F."]
[Result "0-1"]
[WhiteElo "1988"]
[BlackElo "1921"]
[PlyCount "54"]
[EventDate "2008.08.23"]
[SourceDate "2008.08.28"]

1. e4 c5 2. Nf3 d6 3. d4 cxd4 4. Nxd4 Nf6 5. Nc3 a6 6. Bc4 b5 7. Bb3 Bb7 8. O-O
Nbd7 9. f4 Nc5 10. e5 Nxb3 11. axb3 Ng8 12. e6 h5 13. Qd3 Nf6 14. f5 Qc7 15.
Ncxb5 axb5 16. Qxb5+ Kd8 17. Rxa8+ Bxa8 18. Bd2 Qb7 19. Ba5+ Kc8 20. Qc4+ Kb8
21. Rf3 g5 22. Nb5 Qc6 23. Bc7+ Kb7 24. Qa4 Qa6 25. Qxa6+ Kxa6 26. Nxd6 exd6
27. Bd8 Bg7 0-1

[Event "Open A"]
[Site "?"]
[Date "2008.08.28"]
[Round "7.41"]
[White "Rutter, L."]
[Black "Feierfeil, J."]
[Result "1-0"]
[WhiteElo "1893"]
[BlackElo "1947"]
[PlyCount "67"]
[EventDate "2008.08.22"]
[SourceDate "2008.08.28"]

1. e4 c5 2. Nf3 d6 3. d4 cxd4 4. Nxd4 Nf6 5. Nc3 a6 6. Bg5 e6 7. Be2 Be7 8. Qd2
Qc7 9. O-O-O Nbd7 10. f4 b5 11. a3 O-O 12. f5 e5 13. Nb3 Bb7 14. Bf3 Rab8 15.
g4 Rfd8 16. Bxf6 gxf6 17. h4 Nc5 18. Nxc5 dxc5 19. Nd5 Bxd5 20. exd5 Rd6 21. g5
Kf8 22. g6 fxg6 23. Qh6+ Kg8 24. fxg6 Bf8 25. gxh7+ Qxh7 26. Rdg1+ Kh8 27.
Qxh7+ Kxh7 28. Be4+ Kh8 29. Rg6 Rb7 30. Rhg1 Rg7 31. h5 a5 32. b3 f5 33. Bxf5
Rxd5 34. Rh6+ 1-0

[Event "OPEN A"]
[Site "?"]
[Date "2008.08.28"]
[Round "7.43"]
[White "Pospisil, M."]
[Black "Havlicek, P."]
[Result "1-0"]
[WhiteElo "1758"]
[BlackElo "1601"]
[PlyCount "85"]
[EventDate "2008.08.23"]
[SourceDate "2008.08.28"]

1. d4 d5 2. Bf4 Nf6 3. e3 Bf5 4. c4 e6 5. Qb3 b6 6. Nc3 Bd6 7. Bxd6 Qxd6 8. c5
Qd8 9. c6 O-O 10. Qa4 Qd6 11. Bb5 a6 12. Nf3 Ng4 13. h3 Nf6 14. O-O Bg6 15. Ne5
Rd8 16. Be2 Ne8 17. Rac1 f6 18. Nxg6 hxg6 19. Nb1 f5 20. f4 Nf6 21. Nd2 Nh5 22.
Kh2 Nf6 23. g3 Qe7 24. b4 Ne4 25. Nxe4 dxe4 26. b5 a5 27. Rcd1 Kf7 28. a3 g5
29. Rg1 Rh8 30. Qb3 g4 31. h4 Rxh4+ 32. Kg2 Rh6 33. Rh1 a4 34. Qa2 Qd8 35. Bc4
Qf6 36. Rxh6 Qxh6 37. Rh1 Qf6 38. Qd2 Qe7 39. Ra1 Qf6 40. Rd1 Ke7 41. d5 exd5
42. Qxd5 Ke8 43. Qg8+ 1-0